|
|
|
|
| LEADER |
00000nam0a2200000 4500 |
| 001 |
38064 |
| 005 |
20231101210455.0 |
| 035 |
|
|
|a (RuTPU)RU\TPU\book\38683
|
| 090 |
|
|
|a 38064
|
| 100 |
|
|
|a 20020218d1974 m y0rusy50 ca
|
| 101 |
0 |
|
|a rus
|
| 102 |
|
|
|a RU
|
| 105 |
|
|
|a a j 001zy
|
| 200 |
1 |
|
|a Методы и средства измерения электрических величин
|e учебное пособие
|f Э. Г. Атамалян, Ю. В. Портной, Ю. Д. Чепурнова
|
| 210 |
|
|
|a Москва
|c Высшая школа
|d 1974
|
| 215 |
|
|
|a 200 с.
|c ил.
|
| 320 |
|
|
|a Библиогр. в конце глав
|
| 606 |
|
|
|a Электрические измерения
|x (электроизмерительная техника)
|2 stltpush
|3 (RuTPU)RU\TPU\subj\68642
|9 83836
|
| 610 |
1 |
|
|a электротехника
|
| 610 |
1 |
|
|a электрические величины
|
| 610 |
1 |
|
|a измерения
|
| 610 |
1 |
|
|a методы
|
| 610 |
1 |
|
|a измерительные приборы
|
| 610 |
1 |
|
|a ток
|
| 610 |
1 |
|
|a мощность
|
| 610 |
1 |
|
|a напряжение
|
| 610 |
1 |
|
|a параметры
|
| 610 |
1 |
|
|a интегральные схемы
|
| 610 |
1 |
|
|a учебные пособия
|
| 675 |
|
|
|a 621.317.3(075.8)
|v 3
|
| 700 |
|
1 |
|a Атамалян
|b Э. Г.
|g Эмма Гарегиновна
|
| 701 |
|
1 |
|a Портной
|b Ю. В.
|g Юрий Владимирович
|
| 701 |
|
1 |
|a Чепурнова
|b Ю. Д.
|g Юлия Дмитриевна
|
| 801 |
|
1 |
|a RU
|b 63413507
|c 20020218
|g PSBO
|
| 801 |
|
2 |
|a RU
|b 63413507
|c 20210527
|g PSBO
|
| 942 |
|
|
|c BK
|